00638cam a22001934a 4500020002800000082001600028100002500044245003100069250001200100260004800112300003700160500002400197650003900221650003900260700001900299942000700318999001500325952010400340 a0072282827 (alk. paper)00a658.049 HOD1 aHodgetts, Richard M.10aInternational management : a4th ed. aBoston, Mass. :bIrwin/McGraw-Hill,cc2000. axxiv, 595 p. :bill., col. map ; aCol. map in pocket. 0aInternational business enterprises 0aInternational business enterprises1 aLuthans, Fred. cBK c3747d3747 0010708NFICaICbICcGENd2016-11-23l0o658.049 HODp003254r2022-11-17 00:00:00w2016-11-23yBK